[Event "Quebec op U1200"]
[Site "Montreal CAN"]
[Date "2016.07.23"]
[Round "1.95"]
[White "Houle, Bernard"]
[Black "Blondin, Bernard"]
[Result "1-0"]
[WhiteElo "1131"]
[BlackElo "894"]
[PlyCount "141"]
[EventDate "2016.07.23"]
[EventType "swiss"]
[EventRounds "8"]
[EventCountry "CAN"]

1. d4 d5 2. Nf3 Nf6 3. g3 g6 4. Bg2 Bg7 5. O-O O-O 6. Nbd2 c6 7. c3 Nbd7 8. Re1
Re8 9. Qc2 Ng4 10. e4 e6 11. e5 c5 12. Nf1 Nh6 13. Bg5 Qb6 14. Qd2 Nf5 15. g4
Ne7 16. Rab1 c4 17. Bh6 f6 18. Bxg7 Kxg7 19. h3 a5 20. Ng3 Kh8 21. exf6 Nxf6
22. Ne5 Rf8 23. Qg5 Neg8 24. Qe3 Qc7 25. Rf1 Ne7 26. f3 b5 27. Ne2 b4 28. h4
Neg8 29. Kh2 Nd7 30. f4 Ndf6 31. Bf3 Nd7 32. Ng1 Rb8 33. Nh3 Nxe5 34. fxe5 bxc3
35. bxc3 Rxb1 36. Rxb1 Bd7 37. Kg2 Rb8 38. Qc1 Rxb1 39. Qxb1 h6 40. Qxg6 Qb8
41. Qc2 Qe8 42. h5 Ba4 43. Qb1 Qb5 44. Qxb5 Bxb5 45. a3 Kg7 46. Nf4 Bd7 47. Ng6
Be8 48. Nf4 Bd7 49. Kg3 Kf7 50. Bd1 Be8 51. Be2 Ke7 52. Kh4 Bd7 53. g5 Kf7 54.
g6+ Kg7 55. Bd1 Ne7 56. Bg4 Nf5+ 57. Bxf5 exf5 58. Nxd5 Bc6 59. Ne3 f4 60. Nf5+
Kg8 61. Nxh6+ Kg7 62. Nf5+ Kg8 63. Kg4 f3 64. Kg3 Be4 65. Nh4 Kg7 66. Nxf3 Kh6
67. Nd2 Bd5 68. Kh4 a4 69. Nf1 Be4 70. Ng3 Bd5 71. Nf5# 1-0

[Event "Quebec op U1200"]
[Site "Montreal CAN"]
[Date "2016.07.23"]
[Round "1.96"]
[White "Boudreau, Leo"]
[Black "Paquin, Robbie"]
[Result "0-1"]
[WhiteElo "874"]
[BlackElo "1115"]
[PlyCount "86"]
[EventDate "2016.07.23"]
[EventType "swiss"]
[EventRounds "8"]
[EventCountry "CAN"]

1. e4 e5 2. Nf3 Nc6 3. Nc3 Nf6 4. Bc4 h6 5. a3 Bc5 6. h3 a6 7. b4 Ba7 8. Bb2 b5
9. Nxb5 axb5 10. Bxb5 Bb7 11. Bxe5 Nxe5 12. Nxe5 Qe7 13. d4 Bxe4 14. f3 Bd5 15.
c4 Bb7 16. d5 O-O 17. f4 d6 18. Qe2 dxe5 19. fxe5 Bd4 20. Ra2 Bxe5 21. Rf1 Qd6
22. a4 c6 23. dxc6 Bxc6 24. Bxc6 Qxc6 25. Qxe5 Qxc4 26. Qe2 Qxe2+ 27. Rxe2 Rxa4
28. b5 Ra1+ 29. Kf2 Rxf1+ 30. Kxf1 Rb8 31. g4 Rxb5 32. Kf2 Ne4+ 33. Ke3 Ng5 34.
h4 Rb3+ 35. Kf4 Rf3+ 36. Ke5 f6+ 37. Kd6 Nf7+ 38. Kd5 Ne5 39. g5 hxg5 40. hxg5
Kf7 41. gxf6 Kxf6 42. Re1 Rf5 43. Kd4 Nf3+ 0-1

[Event "Quebec op U1200"]
[Site "Montreal CAN"]
[Date "2016.07.24"]
[Round "2.1"]
[White "Piche, Eric"]
[Black "Zhang, Chu Hang"]
[Result "0-1"]
[WhiteElo "1179"]
[BlackElo "1086"]
[PlyCount "94"]
[EventDate "2016.07.23"]
[EventType "swiss"]
[EventRounds "8"]
[EventCountry "CAN"]

1. e4 e5 2. d4 exd4 3. Nf3 Nc6 4. Nxd4 Bb4+ 5. c3 Bc5 6. Be3 Bb6 7. Bc4 Nge7 8.
O-O O-O 9. Nd2 Nxd4 10. cxd4 d5 11. Bb3 dxe4 12. Nxe4 Nf5 13. Ng5 Qe7 14. Qd3
h6 15. Nf3 Rd8 16. Rad1 Nd6 17. Rfe1 Qf6 18. h3 Bf5 19. Qe2 Bd7 20. Bc2 Ba5 21.
Rf1 Bb5 22. Bd3 Bxd3 23. Qxd3 Bb6 24. b3 Nf5 25. Ne5 Nxd4 26. Bxd4 Bxd4 27. Qc4
Bxe5 28. Rde1 Rd2 29. a4 b6 30. Re4 Rad8 31. Rc1 Rd1+ 32. Re1 Rxe1+ 33. Rxe1
Bd4 34. Qc2 c5 35. g3 g6 36. Re2 Kg7 37. Kg2 Qc6+ 38. f3 Re8 39. Rd2 Re3 40.
Qd1 Qe6 41. Qc2 Rc3 42. Qd1 Qxb3 43. Qe2 Re3 44. Qf1 Qxa4 45. Qb1 Qb3 46. Qf1
Qc3 47. Ra2 a5 0-1

[Event "Quebec op U1200"]
[Site "Montreal CAN"]
[Date "2016.07.24"]
[Round "2.2"]
[White "Paquin, Robbie"]
[Black "Roussel, Lauriane"]
[Result "0-1"]
[WhiteElo "1115"]
[BlackElo "1159"]
[PlyCount "50"]
[EventDate "2016.07.23"]
[EventType "swiss"]
[EventRounds "8"]
[EventCountry "CAN"]

1. d4 d5 2. c4 e6 3. Nc3 Nf6 4. Bg5 Nbd7 5. cxd5 exd5 6. Nxd5 Nxd5 7. Bd2 Be7
8. e3 O-O 9. Bc4 N7b6 10. Qb3 Be6 11. Bxd5 Bxd5 12. Qc2 Bxg2 13. f3 Bxh1 14.
Kf2 Bd6 15. Qe4 Re8 16. Qg4 Qd7 17. Qxd7 Nxd7 18. Nh3 Bxf3 19. Kxf3 Nf6 20. Rh1
c5 21. dxc5 Bxc5 22. Re1 Rad8 23. Re2 Ne4 24. Bc3 Nxc3 25. bxc3 Rd3 0-1

[Event "Quebec op U1200"]
[Site "Montreal CAN"]
[Date "2016.07.24"]
[Round "2.3"]
[White "Craciun, David"]
[Black "Gregoire, Serge"]
[Result "1-0"]
[WhiteElo "1135"]
[BlackElo "1006"]
[PlyCount "63"]
[EventDate "2016.07.23"]
[EventType "swiss"]
[EventRounds "8"]
[EventCountry "CAN"]

1. d4 Nf6 2. e3 d5 3. Bd3 e6 4. f4 c5 5. c3 Nc6 6. Nf3 Ne4 7. O-O Be7 8. Ne5
O-O 9. Nd2 f6 10. Nxc6 bxc6 11. Nxe4 dxe4 12. Bxe4 Qc7 13. Bd2 f5 14. Bc2 c4
15. Qe2 a5 16. Rf3 c5 17. Qxc4 Rf6 18. Qe2 Bb7 19. Rff1 Be4 20. Bxe4 fxe4 21.
Be1 Raf8 22. Bg3 Bd6 23. Rab1 Rb8 24. Qc4 cxd4 25. Qxc7 Bxc7 26. cxd4 g6 27. b3
Rf5 28. Rfc1 Rb7 29. Rc6 Kf7 30. Rbc1 Bb6 31. Rd6 Bc7 32. Rd7+ 1-0

[Event "Quebec op U1200"]
[Site "Montreal CAN"]
[Date "2016.07.24"]
[Round "2.4"]
[White "Latour, Pierre-Jerome"]
[Black "Houle, Bernard"]
[Result "1-0"]
[WhiteElo "1070"]
[BlackElo "1131"]
[PlyCount "90"]
[EventDate "2016.07.23"]
[EventType "swiss"]
[EventRounds "8"]
[EventCountry "CAN"]

1. c4 c5 2. g3 g6 3. Bg2 Bg7 4. Nc3 Nc6 5. Nf3 Nf6 6. d3 O-O 7. O-O e6 8. Be3
b6 9. Bf4 d6 10. Nb5 Ne8 11. Qd2 a6 12. Nc3 Rb8 13. Bh6 Ne7 14. Bxg7 Kxg7 15.
h3 Bb7 16. e4 e5 17. Nh2 Rh8 18. Ng4 h6 19. f4 h5 20. Ne3 Nf6 21. fxe5 dxe5 22.
Qf2 Nc6 23. Ncd5 Nxd5 24. cxd5 Nd4 25. Qxf7+ Kh6 26. Rf6 Qg8 27. Qxg8 Rhxg8 28.
Rxb6 Rgf8 29. d6 Ne6 30. Rc1 Rfd8 31. Nc4 Nd4 32. Kh2 Nc6 33. Rf1 Nb4 34. Nxe5
Kh7 35. Rf7+ Kh6 36. Rfxb7 Rxb7 37. Rxb7 Rc8 38. d7 Ra8 39. Nf7+ Kg7 40. d8=Q
Rxd8 41. Nxd8+ Kh6 42. Nf7+ Kg7 43. e5 Nxd3 44. e6 Kf8 45. Bd5 Nb4 1-0

[Event "Quebec op U1200"]
[Site "Montreal CAN"]
[Date "2016.07.24"]
[Round "2.5"]
[White "Chanot, Frederic"]
[Black "Poulin, Marc"]
[Result "1/2-1/2"]
[WhiteElo "986"]
[BlackElo "1111"]
[PlyCount "144"]
[EventDate "2016.07.23"]
[EventType "swiss"]
[EventRounds "8"]
[EventCountry "CAN"]

1. d4 d5 2. Nf3 Bg4 3. e3 Nf6 4. Be2 Nbd7 5. h3 Bh5 6. c4 e6 7. Nc3 Be7 8. Nd2
Bxe2 9. Qxe2 O-O 10. e4 dxe4 11. Ndxe4 c6 12. c5 b6 13. Bf4 bxc5 14. dxc5 Nxc5
15. Rd1 Qb6 16. Be3 Nfxe4 17. Nxe4 Qa5+ 18. Nc3 Ne4 19. Qc4 Nxc3 20. bxc3 Qb5
21. Qb3 a6 22. c4 Qxb3 23. axb3 Rab8 24. Rd3 Rfd8 25. Ke2 Rxd3 26. Kxd3 Rxb3+
27. Kc2 Rb8 28. Ra1 Ra8 29. c5 f5 30. Ra5 e5 31. f4 e4 32. g4 g6 33. Kc3 Bh4
34. Kd4 Kf7 35. Ke5 Bd8 36. Ra4 Bc7+ 37. Kd4 Ke6 38. Kc4 h6 39. g5 hxg5 40.
fxg5 Bg3 41. Ra3 Bh4 42. Bf4 a5 43. Ra2 a4 44. Rd2 Ra6 45. Rd6+ Kf7 46. Rf6+
Ke8 47. Rxg6 a3 48. Re6+ Kf7 49. Rh6 Bxg5 50. Bxg5 a2 51. Bf6 a1=Q 52. Bxa1
Rxa1 53. Kd4 Ra4+ 54. Ke5 e3 55. Kxf5 Ra5 56. Rf6+ Kg7 57. Rg6+ Kh7 58. Rxc6 e2
59. Rc7+ Kg8 60. Re7 Rxc5+ 61. Kg6 Rc6+ 62. Kf5 Rc5+ 63. Kf4 Rc4+ 64. Kg3 Rc3+
65. Kg2 Rc2 66. Kf2 Rc3 67. h4 Rc2 68. h5 Rc5 69. h6 Rc2 70. Kf3 e1=Q 71. Rxe1
Rh2 72. Re6 Kh7 1/2-1/2

[Event "Quebec op U1200"]
[Site "Montreal CAN"]
[Date "2016.07.24"]
[Round "2.6"]
[White "Navala, Anthony"]
[Black "Poulin, Roxane"]
[Result "1-0"]
[WhiteElo "962"]
[BlackElo "1025"]
[PlyCount "89"]
[EventDate "2016.07.23"]
[EventType "swiss"]
[EventRounds "8"]
[EventCountry "CAN"]

1. e4 e5 2. Nf3 Nc6 3. Bc4 Nf6 4. Ng5 d5 5. exd5 Na5 6. Be2 Nxd5 7. d3 Be7 8.
Qd2 Nc6 9. c4 Nf4 10. g3 Bxg5 11. gxf4 Bxf4 12. Qd1 Nd4 13. Bxf4 exf4 14. Nc3
c6 15. Qd2 f3 16. Bf1 Qe7+ 17. Ne4 Bf5 18. O-O-O O-O 19. Re1 b5 20. Qc3 Ne2+
21. Bxe2 fxe2 22. Rxe2 Bg4 23. Re3 a5 24. Rg1 b4 25. Qd4 Rfd8 26. Nd6 Qxd6 27.
Re8+ Rxe8 28. Qxd6 Bf5 29. Qd4 f6 30. Rd1 a4 31. Qc5 b3 32. a3 Re2 33. Rd2 Re1+
34. Rd1 Rae8 35. Qxf5 h6 36. Rxe1 Rxe1+ 37. Kd2 Re5 38. Qc8+ Kh7 39. Qxc6 Rf5
40. Qe4 g6 41. f3 h5 42. d4 Kh6 43. d5 Re5 44. Qf4+ g5 45. Qxf6+ 1-0

[Event "Quebec op U1200"]
[Site "Montreal CAN"]
[Date "2016.07.24"]
[Round "3.1"]
[White "Roussel, Lauriane"]
[Black "Latour, Pierre-Jerome"]
[Result "0-1"]
[WhiteElo "1159"]
[BlackElo "1070"]
[PlyCount "104"]
[EventDate "2016.07.23"]
[EventType "swiss"]
[EventRounds "8"]
[EventCountry "CAN"]

1. e4 c5 2. Nf3 d6 3. d4 cxd4 4. Nxd4 Nf6 5. Nc3 a6 6. Be3 e5 7. Nf3 b5 8. Nd5
Nbd7 9. Nxf6+ Nxf6 10. Bg5 Be7 11. Bxf6 Bxf6 12. Qd5 Bg4 13. Be2 O-O 14. Rd1
Be7 15. O-O Rc8 16. c3 Be6 17. Qb7 Ra8 18. Nxe5 Qe8 19. Nc6 Bd7 20. Nxe7+ Qxe7
21. Bg4 Rfd8 22. e5 Rab8 23. exd6 Qg5 24. Qxb8 Rxb8 25. Bxd7 Rd8 26. Rfe1 Kf8
27. Bc6 Qc5 28. Re8+ Rxe8 29. Bxe8 Kxe8 30. d7+ Kd8 31. Rd4 b4 32. Rxb4 Kxd7
33. Rb7+ Ke6 34. Rb4 Qd5 35. h3 Qxa2 36. b3 Qd2 37. Rb6+ Ke5 38. Rb7 Qxc3 39.
Rxf7 Ke6 40. Rf3 Qe1+ 41. Kh2 Kd5 42. Rd3+ Kc5 43. Rf3 Kb4 44. Rf7 Kxb3 45.
Rxg7 Qe5+ 46. Rg3+ Kc4 47. h4 a5 48. Kg1 Qe1+ 49. Kh2 Qxf2 50. Kh3 a4 51. Rg4+
Kb3 52. Rg3+ Qxg3+ 0-1

[Event "Quebec op U1200"]
[Site "Montreal CAN"]
[Date "2016.07.24"]
[Round "3.2"]
[White "Zhang, Chu Hang"]
[Black "Craciun, David"]
[Result "0-1"]
[WhiteElo "1086"]
[BlackElo "1135"]
[PlyCount "112"]
[EventDate "2016.07.23"]
[EventType "swiss"]
[EventRounds "8"]
[EventCountry "CAN"]

1. e4 e5 2. Nf3 Nc6 3. Nc3 Nf6 4. d3 Be7 5. Be2 O-O 6. O-O h6 7. Ne1 Nd4 8. f4
Bc5 9. Kh1 d6 10. fxe5 dxe5 11. Nf3 Ng4 12. Nxd4 exd4 13. Bxg4 dxc3 14. bxc3
Bd6 15. Bxc8 Qxc8 16. Qf3 Qe6 17. d4 c5 18. e5 Bc7 19. Qxb7 Bb6 20. Bb2 Rac8
21. Qe4 Qc4 22. Rfc1 Rfd8 23. Rd1 cxd4 24. cxd4 Qxc2 25. Qxc2 Rxc2 26. Rab1 Rd5
27. Rdc1 Rd2 28. Rd1 Rc2 29. Rd3 Rb5 30. Rb3 Rxb3 31. axb3 Rd2 32. Bc3 Rd3 33.
h3 Rxc3 34. d5 Kf8 35. d6 Ke8 36. Re1 Kd7 37. Rf1 Ke6 38. Rd1 Re3 39. d7 Ke7
40. d8=Q+ Bxd8 41. Ra1 Bb6 42. Rb1 Rxe5 43. Kh2 Bc7 44. Kg1 a5 45. Kf1 f5 46.
Re1 Rxe1+ 47. Kxe1 Kd6 48. Kd2 Ke5 49. Kd3 g5 50. Ke3 Bb6+ 51. Kd3 Kf4 52. Ke2
g4 53. hxg4 fxg4 54. Kf1 Kg3 55. Ke1 Kxg2 56. Ke2 h5 0-1

[Event "Quebec op U1200"]
[Site "Montreal CAN"]
[Date "2016.07.24"]
[Round "3.3"]
[White "Houle, Bernard"]
[Black "Chanot, Frederic"]
[Result "1-0"]
[WhiteElo "1131"]
[BlackElo "986"]
[PlyCount "87"]
[EventDate "2016.07.23"]
[EventType "swiss"]
[EventRounds "8"]
[EventCountry "CAN"]

1. d4 d5 2. Nf3 Nf6 3. g3 e6 4. Bg2 b6 5. Nbd2 Bb7 6. O-O c5 7. c3 Bd6 8. Re1
Nbd7 9. Qc2 e5 10. dxe5 Nxe5 11. Nxe5 Bxe5 12. Nf3 Bd6 13. Bg5 Be7 14. Rad1 h6
15. Bc1 Ne4 16. Qa4+ Qd7 17. Qxd7+ Kxd7 18. Ne5+ Ke8 19. f3 Nd6 20. b3 Bf6 21.
f4 Nb5 22. Bb2 Rd8 23. a4 Nc7 24. Ba1 g5 25. Ng4 Be7 26. c4 Rh7 27. Nf6+ Bxf6
28. Bxf6 Rd6 29. Be5 Rd7 30. Bh3 Ne6 31. Bf5 f6 32. Bxh7 fxe5 33. Bf5 Ke7 34.
fxg5 hxg5 35. g4 e4 36. e3 Rd6 37. Rd2 d4 38. Kf2 Nf4 39. exf4 e3+ 40. Kg3 Kf6
41. Rxe3 gxf4+ 42. Kxf4 a6 43. g5+ Kg7 44. Re7+ 1-0

[Event "Quebec op U1200"]
[Site "Montreal CAN"]
[Date "2016.07.24"]
[Round "3.5"]
[White "Boulin-Philogene, Nerlande"]
[Black "Paquin, Robbie"]
[Result "0-1"]
[WhiteElo "979"]
[BlackElo "1115"]
[PlyCount "46"]
[EventDate "2016.07.23"]
[EventType "swiss"]
[EventRounds "8"]
[EventCountry "CAN"]

1. e4 e5 2. Nf3 Nc6 3. Nc3 Nf6 4. Bc4 Nxe4 5. Nxe4 d5 6. Qe2 dxc4 7. Qxc4 Be6
8. Qe2 Bg4 9. h3 Bxf3 10. gxf3 Nd4 11. Qd3 Qh4 12. c3 Nc6 13. Qc4 Qf4 14. Qe2
O-O-O 15. d3 Qf5 16. Bg5 f6 17. Bh4 Qd7 18. O-O-O Qf5 19. Rd2 Qe6 20. Qe3 Qxa2
21. Rhd1 Rd5 22. b3 Ba3+ 23. Rb2 Qxb2# 0-1

[Event "Quebec op U1200"]
[Site "Montreal CAN"]
[Date "2016.07.24"]
[Round "3.6"]
[White "Poulin, Marc"]
[Black "Navala, Anthony"]
[Result "1-0"]
[WhiteElo "1111"]
[BlackElo "962"]
[PlyCount "123"]
[EventDate "2016.07.23"]
[EventType "swiss"]
[EventRounds "8"]
[EventCountry "CAN"]

1. d4 d5 2. c4 e6 3. Nc3 Nf6 4. cxd5 exd5 5. Qc2 Nc6 6. Nf3 Bg4 7. Qa4 Ne4 8.
Nd2 Nxc3 9. bxc3 Be7 10. f3 Be6 11. Rb1 Rb8 12. Qc2 O-O 13. e4 Re8 14. Bd3 Bf8
15. O-O g6 16. e5 Qg5 17. Ne4 Qd8 18. Nf6+ Kh8 19. Nxe8 Qxe8 20. Bg5 Be7 21.
Bh6 Bf8 22. Bxf8 Qxf8 23. f4 Qc8 24. f5 Bxf5 25. Bxf5 gxf5 26. Qxf5 Qxf5 27.
Rxf5 Ne7 28. Rxf7 Nc8 29. Rxc7 Nb6 30. Rf1 Re8 31. Rxb7 Na4 32. Rf3 Rc8 33.
Rff7 Nxc3 34. Rxh7+ Kg8 35. Rbc7 Rxc7 36. Rxc7 Nxa2 37. Rxa7 Nb4 38. e6 Nc6 39.
Rd7 Kf8 40. Rxd5 Ne7 41. Re5 Ke8 42. d5 Nxd5 43. Rxd5 Ke7 44. Re5 Kf6 45. Re1
Ke7 46. h4 Ke8 47. h5 Ke7 48. h6 Ke8 49. Rf1 Ke7 50. h7 Kxe6 51. h8=Q Ke7 52.
Qe5+ Kd7 53. Rf7+ Kc6 54. Rf6+ Kd7 55. Qe6+ Kd8 56. Rf8+ Kc7 57. g4 Kb7 58. g5
Kc7 59. g6 Kb7 60. g7 Kc7 61. Rf7+ Kd8 62. g8=R# 1-0

[Event "Quebec op U1200"]
[Site "Montreal CAN"]
[Date "2016.07.24"]
[Round "3.8"]
[White "Philogene, Joliet"]
[Black "Boudreau, Leo"]
[Result "1-0"]
[WhiteElo "923"]
[BlackElo "874"]
[PlyCount "37"]
[EventDate "2016.07.23"]
[EventType "swiss"]
[EventRounds "8"]
[EventCountry "CAN"]

1. e4 e5 2. Nf3 Nc6 3. d4 exd4 4. Nxd4 Nxd4 5. Qxd4 c5 6. Qe5+ Be7 7. Qxg7 Bf6
8. Qg3 b6 9. Nc3 Qe7 10. Bd3 Bb7 11. Bf4 Bxe4 12. Bd6 Qe6 13. Nxe4 Bxb2 14. Rb1
Bd4 15. O-O Nh6 16. Ng5 Qf6 17. Rfe1+ Kd8 18. Bc7+ Kc8 19. Ba6# 1-0

[Event "Quebec op U1200"]
[Site "Montreal CAN"]
[Date "2016.07.25"]
[Round "4.86"]
[White "Craciun, David"]
[Black "Latour, Pierre-Jerome"]
[Result "1-0"]
[WhiteElo "1135"]
[BlackElo "1070"]
[PlyCount "112"]
[EventDate "2016.07.23"]
[EventType "swiss"]
[EventRounds "8"]
[EventCountry "CAN"]

1. d4 Nf6 2. e3 e6 3. Bd3 d5 4. f4 c5 5. c3 cxd4 6. exd4 Bd6 7. Nf3 Nc6 8. O-O
Qc7 9. Ne5 O-O 10. Nd2 Nd7 11. Qh5 Nf6 12. Qh4 Be7 13. Qf2 Rb8 14. Re1 b5 15.
Ndf3 a6 16. Qc2 h6 17. Be3 Bb7 18. Bf2 Nxe5 19. fxe5 Ne4 20. Bxe4 dxe4 21. Nd2
e3 22. Bxe3 Qc6 23. Nf3 g5 24. Qf2 Qd5 25. Qg3 f5 26. Bd2 Kh7 27. Rf1 Rg8 28.
Qh3 Rg6 29. Qg3 f4 30. Qg4 Kg7 31. h3 Rh8 32. Qh5 Qe4 33. Rae1 Qf5 34. Kh2 Qd3
35. Bc1 b4 36. Rd1 Qc4 37. cxb4 Qxa2 38. Rd2 Bxb4 39. Rc2 Ba5 40. Bd2 Be4 41.
Rc5 Bb6 42. Rcc1 Qxb2 43. Bc3 Qe2 44. Rfe1 Bxf3 45. Qxf3 Qxf3 46. gxf3 h5 47.
Rcd1 g4 48. d5 gxf3 49. dxe6 Rxe6 50. Rd6 Rxd6 51. exd6+ Kh7 52. Re7+ Kg6 53.
Bxh8 f2 54. Kg2 f3+ 55. Kf1 a5 56. d7 a4 1-0

[Event "Quebec op U1200"]
[Site "Montreal CAN"]
[Date "2016.07.25"]
[Round "4.87"]
[White "Poulin, Marc"]
[Black "Roussel, Lauriane"]
[Result "0-1"]
[WhiteElo "1111"]
[BlackElo "1159"]
[PlyCount "54"]
[EventDate "2016.07.23"]
[EventType "swiss"]
[EventRounds "8"]
[EventCountry "CAN"]

1. d4 d5 2. c4 e6 3. Nc3 Nf6 4. cxd5 exd5 5. Bg5 Nbd7 6. Nxd5 Nxd5 7. Bxd8 Bb4+
8. Qd2 Bxd2+ 9. Kxd2 Kxd8 10. e4 N5f6 11. f3 Nb6 12. b3 c6 13. Nh3 h6 14. Nf2
Be6 15. Nd3 Kc7 16. Rc1 Kd8 17. Nc5 Rb8 18. Be2 Nbd7 19. Nxe6+ fxe6 20. Bc4 e5
21. dxe5 Nxe5 22. Be6 Ke7 23. Bh3 Rbd8+ 24. Ke2 Nd3 25. Rc3 Nf4+ 26. Kf2 Rd2+
27. Kg3 N4h5+ 0-1

[Event "Quebec op U1200"]
[Site "Montreal CAN"]
[Date "2016.07.25"]
[Round "4.88"]
[White "Paquin, Robbie"]
[Black "Houle, Bernard"]
[Result "0-1"]
[WhiteElo "1115"]
[BlackElo "1131"]
[PlyCount "144"]
[EventDate "2016.07.23"]
[EventType "swiss"]
[EventRounds "8"]
[EventCountry "CAN"]

1. d4 d5 2. c4 c6 3. Nf3 Nf6 4. Nc3 e6 5. Bg5 Be7 6. e3 dxc4 7. Bxc4 Nd5 8.
Bxe7 Qxe7 9. a3 Nd7 10. Nxd5 cxd5 11. Bb5 a6 12. Bd3 O-O 13. Qc2 g6 14. Qc7 Qd8
15. Qf4 Qf6 16. Qd6 Qd8 17. O-O Re8 18. Rfe1 Qe7 19. Qf4 f6 20. e4 Qf7 21. Qh6
Nf8 22. e5 Qg7 23. Qxg7+ Kxg7 24. exf6+ Kxf6 25. g4 Bd7 26. g5+ Ke7 27. Rac1
Rac8 28. Rc3 Rxc3 29. bxc3 Rc8 30. Rc1 b5 31. Nd2 Bc6 32. Nb3 Nd7 33. Kg2 Bb7
34. f4 Ba8 35. Nd2 Nb6 36. Nb1 Nc4 37. Bxc4 dxc4+ 38. Kf2 Be4 39. Nd2 Bf5 40.
Re1 Rd8 41. Re5 Rd5 42. Re3 Kf7 43. Nf3 Kg7 44. h4 a5 45. Ne5 Rd6 46. Ke2 a4
47. Nf3 Kf7 48. Re5 Rb6 49. Rc5 Rb7 50. Ne5+ Ke8 51. Rc8+ Ke7 52. Nc6+ Kd7 53.
Ra8 Kxc6 54. Ra6+ Kd5 55. Ke3 Rb8 56. Ra5 Kc6 57. Ra7 Rb7 58. Rxb7 Kxb7 59. Kd2
Kc7 60. Ke3 Kb6 61. Kd2 Kc6 62. Ke3 Kd6 63. Kf3 Ke7 64. Ke3 Kf7 65. Kd2 Kg7 66.
Kc1 h6 67. Kd2 hxg5 68. hxg5 Kf7 69. Kc1 Ke7 70. Kb2 Kd6 71. Kc1 Kd5 72. Kd2
Ke4 0-1

[Event "Quebec op U1200"]
[Site "Montreal CAN"]
[Date "2016.07.25"]
[Round "4.89"]
[White "Chanot, Frederic"]
[Black "Zhang, Chu Hang"]
[Result "0-1"]
[WhiteElo "986"]
[BlackElo "1086"]
[PlyCount "74"]
[EventDate "2016.07.23"]
[EventType "swiss"]
[EventRounds "8"]
[EventCountry "CAN"]

1. d4 d5 2. Nf3 Nc6 3. Nc3 Nf6 4. e3 e6 5. Bd3 Bd6 6. e4 dxe4 7. Nxe4 Nxe4 8.
Bxe4 O-O 9. O-O e5 10. d5 Ne7 11. Qd3 f5 12. Bg5 fxe4 13. Qxe4 Bf5 14. Qe2 Bg4
15. c4 Bxf3 16. gxf3 Qe8 17. Bh4 Nf5 18. Bg3 Nd4 19. Qd1 Nxf3+ 20. Kh1 Qg6 21.
Rc1 b6 22. Rc3 Qe4 23. b3 Nd4+ 24. f3 Qg6 25. Rg1 Qh5 26. Rf1 Rf7 27. Kg2 Raf8
28. f4 Qxd1 29. Rxd1 Ne2 30. Rf3 Nxg3 31. hxg3 exf4 32. g4 Rf6 33. g5 Rg6 34.
Kh3 Rxg5 35. Kh4 Rff5 36. Re1 Rh5+ 37. Kg4 Rfg5# 0-1

[Event "Quebec op U1200"]
[Site "Montreal CAN"]
[Date "2016.07.25"]
[Round "4.91"]
[White "Piche, Eric"]
[Black "Poulin, Roxane"]
[Result "0-1"]
[WhiteElo "1179"]
[BlackElo "1025"]
[PlyCount "122"]
[EventDate "2016.07.23"]
[EventType "swiss"]
[EventRounds "8"]
[EventCountry "CAN"]

1. e4 e5 2. Nf3 Nc6 3. Bc4 Nf6 4. d3 Bb4+ 5. c3 Bc5 6. O-O d5 7. exd5 Nxd5 8.
Bg5 f6 9. Bh4 Bg4 10. Nbd2 Qd7 11. Ne4 Bb6 12. Bg3 O-O-O 13. h3 Bh5 14. Qc2
Bxf3 15. Nd2 Bh5 16. b4 Rhe8 17. a4 a5 18. bxa5 Bxa5 19. Ne4 Qe7 20. Rfb1 Nb6
21. Bb5 f5 22. Nd2 f4 23. Bh2 Bg6 24. Rb2 Qd6 25. Nc4 Nxc4 26. Bxc4 Bxd3 27.
Bxd3 Qxd3 28. Qxd3 Rxd3 29. Rab1 Red8 30. g3 Rd1+ 31. Kg2 Rxb1 32. Rxb1 fxg3
33. Bxg3 Bxc3 34. Rf1 Rd2 35. Bh4 h6 36. Rc1 g5 37. Bg3 Bd4 38. Re1 h5 39. Kf3
g4+ 40. hxg4 hxg4+ 41. Kxg4 Bxf2 42. Bxf2 Rxf2 43. Re4 Rf4+ 44. Rxf4 exf4 45.
Kxf4 Kd7 46. Ke4 Kd6 47. Kd3 Kc5 48. Kc3 b6 49. Kb3 Na5+ 50. Kc3 c6 51. Kb2 Kb4
52. Kc2 Kxa4 53. Kc3 b5 54. Kb2 b4 55. Ka2 c5 56. Kb2 c4 57. Ka2 c3 58. Kb1 Ka3
59. Ka1 b3 60. Kb1 b2 61. Kc2 Ka2 0-1

[Event "Quebec op U1200"]
[Site "Montreal CAN"]
[Date "2016.07.26"]
[Round "5.1"]
[White "Roussel, Lauriane"]
[Black "Craciun, David"]
[Result "1-0"]
[WhiteElo "1159"]
[BlackElo "1135"]
[PlyCount "75"]
[EventDate "2016.07.23"]
[EventType "swiss"]
[EventRounds "8"]
[EventCountry "CAN"]

1. e4 e5 2. Nf3 Nc6 3. Bc4 Nf6 4. d3 Be7 5. O-O O-O 6. Re1 d6 7. h3 h6 8. c3
Na5 9. Bb3 Nxb3 10. axb3 c6 11. d4 Qc7 12. Qc2 Be6 13. Nbd2 Nd7 14. Qd3 f5 15.
dxe5 dxe5 16. exf5 Bxf5 17. Qe2 Bd6 18. Nc4 Rfe8 19. Nh4 Be6 20. Ne3 Rf8 21.
Nc4 Rfe8 22. Nxd6 Qxd6 23. Rd1 Qc7 24. Be3 Bxb3 25. Rd2 Bf7 26. Nf5 Re6 27. Qg4
g5 28. Nxh6+ Rxh6 29. Rxd7 Qc8 30. Qxg5+ Rg6 31. Qe7 Qe8 32. Qxe8+ Rxe8 33.
Rxb7 Bd5 34. g3 Rd8 35. Raxa7 Bf3 36. Rd7 Rd6 37. Rxd8+ Rxd8 38. Ra1 1-0

[Event "Quebec op U1200"]
[Site "Montreal CAN"]
[Date "2016.07.26"]
[Round "5.2"]
[White "Houle, Bernard"]
[Black "Zhang, Chu Hang"]
[Result "0-1"]
[WhiteElo "1131"]
[BlackElo "1086"]
[PlyCount "114"]
[EventDate "2016.07.23"]
[EventType "swiss"]
[EventRounds "8"]
[EventCountry "CAN"]

1. d4 d5 2. Nf3 Nc6 3. Bf4 Nf6 4. h3 h6 5. Nbd2 Bf5 6. e3 a6 7. a3 e6 8. g4 Bg6
9. Bg2 Bd6 10. Ne5 Bxe5 11. dxe5 Nd7 12. Nf3 Be4 13. O-O Bxf3 14. Bxf3 Ncxe5
15. Bg2 O-O 16. Re1 Ng6 17. Bg3 c6 18. Qe2 Nh4 19. Bh1 Qf6 20. c3 Ng6 21. f4
Qd8 22. Rad1 Ne7 23. Rf1 f5 24. Bh4 Qe8 25. Bf3 Ng6 26. Bg3 Ne7 27. Bh4 fxg4
28. Bxg4 Nf5 29. Bf2 Qg6 30. Kh2 Nf6 31. Rg1 Nxg4+ 32. Rxg4 Qf7 33. Rdg1 Qd7
34. Rg6 Rf7 35. h4 Kh7 36. h5 Raf8 37. e4 Ne7 38. R6g4 dxe4 39. Qxe4+ Nf5 40.
Bd4 Kh8 41. Rd1 Nxd4 42. Rxd4 Qe7 43. Kg3 Qf6 44. Qg6 Qe7 45. Qd3 e5 46. Re4
exf4+ 47. Kf3 Qc7 48. Qd4 c5 49. Qd2 Rd7 50. Qe2 Rdf7 51. Rg6 Qd7 52. Rge6 Qd5
53. R6e5 Qd7 54. Re6 Rf6 55. R4e5 Rxe6 56. Rxe6 Qd5+ 57. Qe4 Qxh5+ 0-1

[Event "Quebec op U1200"]
[Site "Montreal CAN"]
[Date "2016.07.26"]
[Round "5.3"]
[White "Latour, Pierre-Jerome"]
[Black "Paquin, Robbie"]
[Result "0-1"]
[WhiteElo "1070"]
[BlackElo "1115"]
[PlyCount "92"]
[EventDate "2016.07.23"]
[EventType "swiss"]
[EventRounds "8"]
[EventCountry "CAN"]

1. c4 c5 2. g3 Nf6 3. Bg2 e6 4. Nc3 a6 5. d3 Nc6 6. Nf3 d5 7. cxd5 Nxd5 8. Bd2
Be7 9. O-O O-O 10. a3 b5 11. Na2 a5 12. e4 Nb6 13. Qc2 e5 14. h4 h6 15. Be3 Nd4
16. Bxd4 exd4 17. e5 Be6 18. Nd2 Rc8 19. f4 c4 20. f5 Bd5 21. Ne4 f6 22. exf6
Bxf6 23. Qd2 Ra8 24. Rad1 Qe7 25. Rfe1 Qc7 26. Qf2 Rae8 27. Nxf6+ gxf6 28.
Bxd5+ Nxd5 29. dxc4 Rxe1+ 30. Rxe1 Qxc4 31. Nc1 Ne3 32. Qf4 Kg7 33. Qd6 Nxf5
34. Qd7+ Kg6 35. Rf1 Nxg3 36. Qg4+ Kf7 37. Qxg3 Rg8 38. Ne2 Rxg3+ 39. Nxg3 d3
40. Nf5 Kg6 41. Ne3 Qxh4 42. Nf5 Qg4+ 43. Kh1 d2 44. Ne3 Qe4+ 45. Ng2 Kf7 46.
Kh2 Qe2 0-1

[Event "Quebec op U1200"]
[Site "Montreal CAN"]
[Date "2016.07.26"]
[Round "5.4"]
[White "Philogene, Joliet"]
[Black "Poulin, Marc"]
[Result "1-0"]
[WhiteElo "923"]
[BlackElo "1111"]
[PlyCount "57"]
[EventDate "2016.07.23"]
[EventType "swiss"]
[EventRounds "8"]
[EventCountry "CAN"]

1. e4 e5 2. Nf3 Nf6 3. Nc3 Bb4 4. Bc4 O-O 5. O-O Nc6 6. d3 h6 7. Nh4 d6 8. h3
Ne7 9. Qf3 Kh7 10. Nf5 Nxf5 11. exf5 c6 12. Qe3 Bc5 13. Qf3 d5 14. Bb3 Qd7 15.
g4 Be7 16. Ne2 e4 17. dxe4 Nxe4 18. Qf4 Bg5 19. Qf3 Bxc1 20. Raxc1 Nd2 21. Qd3
Nxf1 22. f6+ g6 23. Rxf1 Qd6 24. Qc3 Re8 25. Ng3 Re6 26. Rd1 Rxf6 27. Ne4 Qe7
28. Nxf6+ Kg7 29. Nxd5+ 1-0